| 000 | 00389nam a2200145Ia 4500 | ||
|---|---|---|---|
| 008 | 230917s9999||||xx |||||||||||||| ||und|| | ||
| 040 |
_e51350 _aMAIN |
||
| 041 | _aEnglish | ||
| 082 | _a352.054 S83P | ||
| 100 | _aSisodia, Yatindra Singh | ||
| 245 | 0 | _aPanchayat raj evam anusuchit jati mahila netratava | |
| 260 |
_aJaipur _bRawat Publications _c2000 |
||
| 300 | _a204 p. | ||
| 942 | _cBK | ||
| 999 |
_c106439 _d106439 |
||